Convergence across European regions

Príspevok skúma bezpodmienečnú a podmienečnú β- konvergenciu 131 európskych regiónov v rokoch 1999-2008. β- konvergencia. Údaje, metodológia, výsledky.

Gespeichert in:
Bibliographische Detailangaben
1. Verfasser: Zárembová, Andrea, 1986-
Format: Buchkapitel
Sprache:Englisch
Schlagworte:
Tags: Tag hinzufügen
Keine Tags, Fügen Sie das erste Tag hinzu!

MARC

LEADER 00000nla$a2200000$$$4500
001 0144439
005 20240502072605.6
041 0 |a eng 
044 |a SK 
245 1 0 |a Convergence across European regions  |c Andrea Zárembová 
520 |a Príspevok skúma bezpodmienečnú a podmienečnú β- konvergenciu 131 európskych regiónov v rokoch 1999-2008. β- konvergencia. Údaje, metodológia, výsledky. 
610 2 0 |a konvergencia 
610 2 0 |a regióny 
610 2 0 |a produkt domáci hrubý 
610 2 0 |a prieskum 
610 2 0 |a Európa 
610 2 0 |a 1999-2008 
100 1 |a Zárembová, Andrea, 1986-